000 00402nam a22001577a 4500
020 _a978-93-89461-51-0
082 _a510
_bMTG/M
100 _aMTG
245 _aMATHEMATICS NCERT SOLUTIONS
246 _aMATHEMATICS NCERT SOLUTIONS
_bMATHEMATICS NCERT SOLUTIONS
260 _aNEW DELHI
_bMTG LEARNING
_c2013
300 _a315
520 _aMATHS NCERT SOLUTIONS
650 _aMATHEMATICS
942 _cBK
999 _c8548
_d8548